000 00993nam a22002537a 4500
005 20170612160129.0
010 _aBAC-EN21 ENG-111872
020 _a9788177229974
_c699.00
020 _a9788177229974
_c749.00 (AV)
035 _aEN-95404
035 _aB-585055-073
035 _aB-669728
037 _adpl
_bAsian Book Centre/Ven
037 _aDBAD/PUB
082 _a006.76
245 _aWeb technologies :
_cby Kogent Learning Solutions
_bHTML, JavaScript, PHP, Java, JSP, XML and AJAX /
260 _aNew Delhi
_bDreamtech
_c2014
270 _a19-A, Ansari Road, Daryaganj,
_bNew Delhi
_e110002
300 _axxviii,1354p :
_bill.
_c25cm(pbk)
500 _aIncludes index
942 _2ddc
_cEN
_mWEB
_h006.76
999 _c88373
_d88373